Name that Famous Mountain! - Statistics

General Stats
  • This quiz has been taken 197 times
  • The average score is 7 of 9
Answer Stats
Picture Hint Answer % Correct
(continent) Asia Everest
95%
Africa Kilimanjaro
92%
Asia Mt Fuji
85%
North America Mt Rushmore
80%
North America Denali
74%
Australia Uluru
72%
Europe Mt Blanc
70%
Africa Table Mountain
64%
North America El Capitan
33%
No matching quizzes found
Score Distribution
Percent of People with Each Score
Percentile by Number Answered
Your Score History
You have not taken this quiz